Antología del Cuento Nicaragüense
Kaydedildi:
| Materyal Türü: | Kitap |
|---|---|
| Dil: | Spanish |
| Baskı/Yayın Bilgisi: |
Managua, Nicaragua
Editorial Lacayo
1957
|
| Konular: | |
| Etiketler: |
Etiketle
Etiket eklenmemiş, İlk siz ekleyin!
|
MARC
| LEADER | 00000nam a2200000Ia 4500 | ||
|---|---|---|---|
| 008 | 170316s9999 xx 000 0 spa d | ||
| 040 | |a cru BVZT | ||
| 090 | |a A-860 A-4a | ||
| 245 | |a Antología del Cuento Nicaragüense | ||
| 260 | |a Managua, Nicaragua | ||
| 260 | |b Editorial Lacayo | ||
| 260 | |c 1957 | ||
| 300 | |a 278 páginas | ||
| 650 | |a LITERATURA LATINOAMERICANA |9 15 | ||
| 650 | |a ANTOLOGÍA |9 80 | ||
| 650 | |a CUENTOS NICARAGÜENSES | ||
| 999 | |c 27839 |d 27839 | ||
| 942 | |c LIB |h A-860 A-4a |2 z | ||
